Komunikácia sociálnych pracovníkov s deťmi a mládežou podľa Eriksonovej teórie psychosociálneho vývinu

Bibliographic Details
Main Author: Bambúch, Filip (Author)
Format: Article
Language:Slovak
ISSN:1335-1109
Subjects:

MARC

LEADER 00000nab a2200000 4500
001 vtls012243419
003 SK-MaSNL
005 20260304172237.0
008 231107|2023 xo |||| ||an ||00 0|slo
015 |a SNBRB2023/11 
040 |a SPKCL  |b slo  |e rda 
041 |a slo  |b slo  |b eng 
044 |a xo  |c SK 
072 7 |a 159.92  |x Vývinová psychológia. Psychológia osobnosti  |2 konspekt 
072 7 |a 364  |x Sociálne problémy vyžadujúce podporu a pomoc. Sociálne zabezpečenie  |2 konspekt 
080 |a 364-78:159.922.72 Erikson, Erik H.  |2 2011 
100 1 |a Bambúch, Filip  |4 aut  |9 1501480 
245 1 0 |a Komunikácia sociálnych pracovníkov s deťmi a mládežou podľa Eriksonovej teórie psychosociálneho vývinu  |c Filip Bambúch 
336 |a text  |b txt  |2 rdacontent 
337 |a bez média  |b n  |2 rdamedia 
338 |a zväzok  |b nc  |2 rdacarrier 
504 |a Obsahuje bibliografiu 
546 |a Anglické a slovenské resumé 
600 1 7 |a Erikson, Erik H.  |d 1902-1994  |2 snkbucl  |9 1109147 
650 0 7 |a komunikácia  |2 SNKPH  |9 1362 
650 0 7 |a sociálni pracovníci  |2 SNKPH  |9 68206 
650 0 7 |a deti a mládež  |2 SNKPH  |9 774 
650 0 7 |a vývoj dieťaťa  |2 SNKPH  |9 67528 
773 0 |t Mládež a spoločnosť  |g Roč. 29, č. 2-3 (2023), s. 12-19  |x 1335-1109 
958 |a NB 
999 |c 2997413  |d 2999343